Open Data Biblioteca Nacional de Portugal


República Portuguesa: Ministério da Cultura
Biblioteca Nacional de Portugal

Catálogo da BNP: acesso por Identificadores Unívocos
Registos Bibliográficos associados ao registo de autoridade

Etiqueta de registo: 00254nam 2200025 450
001 2285962
003 http://id.bnportugal.gov.pt/bib/catbnp/2285962
010 ## $a978-989-33-8932-4
021 ## $aPT$b560372/26
100 ## $a20260507d2026 k y0pory01030103ba
101 0# $apor
102 ## $aPT
105 ## $aa z 000yy
106 ## $ar
200 1# $a9º Congresso Luso-Brasileiro de Auditores Fiscais$fBernardo Sales... [et al.]$gcoord. Roseli Matias, Nuno Barroso
210 #9 $a[S.l.]$cAPIT,$d2026
215 ## $a333 p.$cil.$d21 cm
675 ## $a336.1/.2(042)$vBN$zpor$31790319
701 #1 $aSales,$bBernardo$4070$31997908
702 #1 $aMatias,$bRoseli$4340$31997909
702 #1 $92$aBarroso,$bNuno$4340$31502135
710 12 $aCongresso Luso-Brasileiro de Auditores Fiscais "Um Sistema Fiscal Global e Inclusivo, Promotor de Justiça Social e do Crescimento Económico Sustentável",$d9,$eCoimbra,$f2025$31997903
801 #0 $aPT$bBN$gRPC
856 41 $uhttp://rnod.bnportugal.gov.pt/ImagesBN/winlibimg.aspx?skey=&doc=2285962&img=223091&save=true
900 ## $aBIBNAC$d20260616
966 ## $lBN$mFGMON$sS.C. 169291 V.$x1
971 ## $cssilva$d20260507
972 ## $e0$z0$d20260616$vlrevez
973 ## $cigoulao$d20260605

OpendataBNP@bnportugal.pt | Mais informação sobre acesso aos dados BNP